The 9/11 Commission report : final report of the National Commission on Terrorist Attacks Upon the United States /

Bibliographic Details
Corporate Author: National Commission on Terrorist Attacks upon the United States
Other Authors: Kean, Thomas H., Hamilton, Lee
Format: Government Document Book
Language:English
Published: [Washington, D.C.] : National Commission on Terrorist Attacks upon the United States : [2004]
Edition:Official government ed.
Subjects:
Online Access:https://purl.fdlp.gov/GPO/LPS51934

MARC

Tag First Indicator Second Indicator Subfields
LEADER 00000cam a2200000 a 4500
001 in00001837613
008 040722s2004 dcuab b f000 0 eng c
005 20230331145956.0
020 |a 0160723043 :  |c $13.25 
035 |a (OCoLC)ocm55990872 
035 |a in00001837613 
037 |a 041-015-00236-8  |b GPO 
040 |a GPO  |c GPO  |d DLC  |d MvI  |d UtOrBLW 
042 |a pcc 
043 |a n-us--- 
049 |a UDOC 
049 |a WWW 
074 |a 1004-E 
074 |a 1004-E (online) 
086 0 |a Y 3.2:T 27/2/FINAL 
110 2 |a National Commission on Terrorist Attacks upon the United States. 
245 1 4 |a The 9/11 Commission report :  |b final report of the National Commission on Terrorist Attacks Upon the United States /  |c Thomas H. Kean, chair, Lee H. Hamilton, vice-chair. 
246 3 |a Nine/Eleven Commission report, final report of the National Commission on Terrorist Attacks Upon the United States 
246 3 0 |a Final report of the National Commission on Terrorist Attacks Upon the United States 
250 |a Official government ed. 
264 1 |a [Washington, D.C.] :  |b National Commission on Terrorist Attacks upon the United States :  |c [2004] 
264 2 |a [Washington, D.C.] :  |b For sale by the Supt. of Docs., U.S. G.P.O., 
300 |a xviii, 567 pages :  |b illustrations, maps ;  |c 24 cm. 
336 |a text  |b txt  |2 rdacontent 
337 |a unmediated  |b n  |2 rdamedia 
338 |a volume  |b nc  |2 rdacarrier 
500 |a Shipping list number: 2004-0223-P. 
504 |a Includes bibliographical references. 
530 |a Also available via Internet from the GPO Access web site. Address as of 7/22/04: http://www.gpoaccess.gov/911/index.html; current access is available via PURL. 
650 0 |a September 11 Terrorist Attacks, 2001. 
650 0 |a Terrorism  |x Government policy  |z United States. 
650 0 |a Terrorism  |z United States  |x Prevention. 
650 0 |a Intelligence service  |z United States  |x Evaluation. 
610 2 0 |a Qaida (Organization) 
650 0 |a National security  |z United States. 
700 1 |a Kean, Thomas H. 
700 1 |a Hamilton, Lee. 
856 4 1 |u https://purl.fdlp.gov/GPO/LPS51934  |t 0 
948 |a cataloged  |b h  |c 2004/07/23  |e zprado  |f 01:54:38 pm 
999 |a MARS 
999 f f |i 0f3066dd-5de4-342f-80c7-eff42b6dc85f  |s 871d2147-0878-3808-9049-270e556e9398  |t 0 
952 f f |p normal  |a Texas A&M University  |b College Station  |c Sterling C. Evans Library  |d Evans: US Documents (Annex 5th floor)  |t 0  |e Y 3.2:T 27/2/FINAL  |h Superintendent of Documents classification  |i unmediated -- volume  |m A14830178270 
952 f f |a Texas A&M University  |b College Station  |c Electronic Resources  |d Available Online  |t 0  |e Y 3.2:T 27/2/FINAL  |h Superintendent of Documents classification 
998 f f |a Y 3.2:T 27/2/FINAL  |t 0  |l Available Online 
998 f f |a Y 3.2:T 27/2/FINAL  |t 0  |l Evans: US Documents (Annex 5th floor)